Movies Quiz

Random Movies or Blitz Quiz

Quick Pick : Actors Name Match Up Quiz Stats

 Plays Quiz not verified by Sporcle

Score 0/17 Timer 01:00
0 Plays Today
% Correct
Leonardo
99%
Denzel
98.8%
Johnny
98.2%
Brad
98%
Dustin
97.8%
Al
97.5%
Liam
97.4%
Harrison
97.1%
Russell
97.1%
% Correct
Mel
97.1%
Kevin
96.9%
Heath
96.9%
Ryan
96.6%
Bruce
96.5%
Woody
95.1%
Mark
95%
Ralph
94.5%

You're not logged in!

Compare scores with friends on all Sporcle quizzes.
OR
Log In

Sporcle TV

Today on Sporcle TV


Watch our educational content, quiz creation guides, and fun videos on Sporcle TV.

Show Comments

Extras

Top Quizzes Today


Score Distribution

Your Account Isn't Verified!

In order to create a playlist on Sporcle, you need to verify the email address you used during registration. Go to your Sporcle Settings to finish the process.

Report this User

Report this user for behavior that violates our Community Guidelines.

Details: